| 000 | 01209 a2200253 4500 | ||
|---|---|---|---|
| 001 | 56663 | ||
| 005 | 20260407155830.0 | ||
| 008 | 260407a2021 arg spa d | ||
| 003 | AR-UNSa-BCEJYS | ||
| 040 |
_aAR-UNSa-BCEJYS _bspa _cAR-UNSa-BCEJYS |
||
| 080 |
_a339.5 _xComercio exterior. Comercio Internacional |
||
| 245 | 1 | 0 |
_aPerspectivas del comercio internacional de América Latina y el Caribe _pen busca de una recuperación resiliente y sostenible |
| 020 | _a978-92-1-122076-6 | ||
| 264 | 1 |
_aSantiago de Chile : _bCEPAL (Comisión Económica para América Latina y el Caribe) _c2021 |
|
| 300 |
_a211 p. _c27 cm. |
||
| 505 | _a1. El comercio mundial y regional se recuperan en medio de una elevada incertidumbre - 2. El desafío de la autonomía productiva regional en la industria de la salud - 3. El aporte del comercio internacional a una economía circular | ||
| 041 | _aspa | ||
| 942 | _cBK | ||
| 590 | _aniveau_biblio:m niveau_hierar:0 | ||
| 100 | 1 | _aNaciones Unidas. Comisión Económica para América Latina y el Caribe (CEPAL) | |
| 700 | 1 | _aCastillo, Mario | |
| 700 | 1 | _aInoue, Keiji | |
| 856 | 4 | 1 |
_uhttps://biblioeco.unsa.edu.ar/pmb/images/libros/L128583.jpg _yImagen de portada _qimage/jpeg |
| 999 |
_c6001 _d6001 |
||